00348 a2200097 4500001001000000005001700010008004100027245004700068100003100115773010400146ART_2562220260410161935.0260409a 10aTendencias proteccionistas, crisis y deuda1 aVázquez-Presedo, Vicente0 tAnales de la Academia Nacional de Ciencias Económicasg- Vol. XXXII, (1987) (ene. 1988)wREV25596